000 00981nam a22002297a 4500
999 _c2620
_d2620
003 AR-CdUCM
008 190305b ||||| |||| 00| 0 spa d
040 _aMUNICIPALIDAD PROVINCIAL DEL CUSCO
_cBIBLIOTECA MUNICIPAL DEL CUSCO
082 _a363.33 /
_bG25
100 _aGarmendia Bravo, Luis
_99217
245 _aEl control de armas, munición y explosivos de uso civil en el Perú /
260 _aLima :
_c1971.
300 _a161 páginas ;
_c22 cm.
505 _aContenido: Armas -- Municiones -- Explosivos -- Fundamentos y formas del control estatal de las armas, municiones y explosivos de uso civil -- Compendio cronologico de la legislación nacional sobre armas, municiones y explosivos de uso civil -- Reglamento de control de armas de uso civil ...
650 _aPolítica de armas
_99218
650 _aUso de armas
_99219
650 _aUso de municiones
_99220
650 _aUso de explosivos
_99221
650 _aPerú
_935
942 _2ddc
_cLIBROS
945 _azta